=LDR 00000nam 2200000 4500 =001 INLIS000000000039415 =005 20130612145038 =008 ***********************************ind** =035 ##$$0010-061300000039415 =041 ##$$a ind =082 ##$$a 423.1 =090 ##$$a 423.1, Sup k =100 ##$$a SUPRIYONO, PETRUS ASEP =245 ##$$a Kamus lengkap 69.000.000 Inggris-Indonesia. Indonesia-Inggris, Petrus asep supriyono =260 ##$$a 2007 $b [Sl] =300 ##$$a 640 Hlm, 15 cm =650 ##$$a KAMUS INGGRIS-INDONESIA =850 ##$$a NBPNMAT